| 000 | 00561nam a2200181 a 4500 | ||
|---|---|---|---|
| 001 | 000031346 | ||
| 005 | 20200930062851.0 | ||
| 008 | 110620s1925 dr 000 0 spa d | ||
| 040 |
_aDO-SdBNP _bspa _cBNPHU |
||
| 082 |
_axxxx _bO81g |
||
| 100 | 1 |
_aOscar, Armando _924269 |
|
| 245 | 1 | 3 |
_aLa góndola azul : _bfantasia en 2 actos / _cArmando Oscar. |
| 260 |
_aSan pedro de Macoris, República Dominicana : _bLa Nación, _c1925. |
||
| 300 |
_a[72 p.] ; _c16 cm. |
||
| 490 | 1 | _aBiblioteca del paladión | |
| 830 | 0 |
_aBiblioteca del paladión _957784 |
|
| 049 | _aBNPD | ||
| 999 |
_c30838 _d30838 |
||